000
00308nam a2200133Ia 4500
005
20260328104311.0
008
260328s9999||||xx |||||||||||||| ||und||
100
_a
Stierlin, Henri
245
4
_a
the Roman Empire /
_c
Henri Stierlin
260
_b
Taschen
300
_a
192 p.
650
_a
ROMA
942
_c
BK
999
_c
10966
_d
10966